Corre corre, cabacinha (Registo nº 6075)

Detalhes MARC
000 -Etiqueta do registo
Valores 00735nam a2200241 4500
010 ## - Número ISBN
ISBN 8496573702
021 ## - Número do Depósito Legal
Número PO.491.06
100 ## - Dados gerais de processamento
Dados gerais 20211231d2006 a||y0pory5003 ba
200 1# - Titulo e menção de responsabilidade
Título próprio Corre corre, cabacinha
Primeira menção de responsabilidade Eva Mejuto [a partir de um conto tradicional português]
Outras menções de responsabilidade il. André Letria ; trad. Dora Isabel Batalim
210 ## - Publicação
Local de publicação Pontevedra
Nome do editor OQO
Data de publicação 2006
215 ## - Descrição física 
Paginação / Volumes [32] p.
Outras indicações físicas il.
606 ## - Nome comum usado como assunto
ID Autoridade 14
Palavra de ordem Literatura infantil
606 ## - Nome comum usado como assunto
ID Autoridade 13
Palavra de ordem Literatura Estrangeira
675 ## - CDU
Notação 82-93
Edição BN
Língua por
675 ## - CDU
Notação 821.1/.8
Edição BN
Língua por
700 ## - Autor principal (pessoa individual)
Apelido Mejuto
Nome Eva
ID Autoridade 5781
702 ## - Autor secundário (pessoa individual)
Apelido Letria
Nome André
ID Autoridade 184
702 ## - Autor secundário (pessoa individual)
Apelido Batalim
Nome Dora Isabel
ID Autoridade 3846
801 #0 - Fonte de origem
País PT
Agência BMVN
Regras de catalogação RPC
830 ## - Notas gerais do catalogador
Criado por Ana Caetano
Data de criação 31/12/2021
990 ## - Elementos KOHA
Tipo de documento Livro
Exemplares
Situação do levantamento Biblioteca de origem Código de barras Cota Permissão de empréstimo Tipo de documento Forma de aquisição
  Biblioteca Municipal de Vendas Novas 100000036106 LI EST/MEJ   Livro  

Powered by Koha